000 01017nam a2200301 i 4500
003 EG-GICUC
005 20260310111116.0
008 260310s1967 ua |||fr|||| 00| 0 fre d
040 _aEG-GiCUC
_bfre
_cEG-GiCUC
_dEG-GiCUC
_eRda
041 0 _afre
082 0 4 _221
_a343.9301
_bMO . T
092 0 4 _221
099 _aLaw1 10 343.9301 MO . T
100 1 _aMoreau, Jacques
_eAuteur
245 1 0 _aThéorie Générale De La Police Administrativo /
_cCours De M. Le Professeur Jacques Moreau.
264 1 _a[Lieu De Publication Non Identified] :
_b[Éditeur Non Identifié],
_c1967.
300 _a325 page ;
_c 24 cm.
336 _2rda contenu
_a texte
337 _2rda medias
_aOrdinateur
338 _2 transporteur rda
_a Ressource en ligne
546 _aTexte en français
650 1 _aPolitique Criminelle
_xThéories Générales
_2qrmak
650 1 _aDroit De pénal
_2qrmak
651 1 _2qrmak
856 4 0 _uhttps://fll.law.cu.edu.eg/fulltext/bks/B10-08255.pdf
905 _a54
942 _2ddc
_cBK
_e21
_n0
999 _c65952
_d65952